| 000 | 02359 a2200181 4500 | ||
|---|---|---|---|
| 020 | _a0805814167 (hardcover) | ||
| 020 | _a9780805814163 (hardcover) | ||
| 082 | 0 | 4 | _a808.02 |
| 090 |
_c4305 _d4305 |
||
| 100 | 1 | _aMeloy, Judith M. | |
| 245 | 1 | 0 |
_aWriting the qualitative dissertation : _bunderstanding by doing / _cJudith M. Meloy. |
| 250 | _a1st ed. | ||
| 260 |
_a[S.l.] : _bPsychology Press, _c1994. |
||
| 300 |
_a128 p. ; _c24 cm. |
||
| 520 | _aDoing qualitative research for one's thesis requires a conscious, internal awareness within the external structural, political, and human context of higher education. This book is the result of a desire to fill a void that had not yet been addressed in a text format--the needs and confusions of the doctoral student selecting qualitative methodologies for his/her dissertation research. Twenty individuals--from a range of disciplines including communication, sociology, nursing, and education--corresponded with the author about the structure and format of their "qualitative" dissertations. Their reflections describe some of the interactions and sources of ambiguity that are a part of the process of qualitative research and hence of concern to doctoral students choosing such methodologies for their thesis research. Their questions, concerns, and ideas highlight the complexity of the concept of the researcher as the human instrument. Although many "how to" books already exist, this is the first one that explicates the feelings, meanings, and concerns of those who have been through it. Conceptions about the "whole" of a research project, committee-student interaction, and learning by doing are foundational to this volume. Different from other texts about qualitative research in many ways, this volume has the following features: * an informal style, reflecting the personal and personable nature of the research; * data are letters; * an organization beginning with a chapter about "the end," where an amount of certainty and confidence finally emerge for the novice qualitative researcher; and * chapters featuring one or more sets of "questions" meant to serve as a possible guide to decision making and subsequent action for those to whom they may not have occurred. | ||
| 856 | 4 | 0 |
_3Amazon.com _uhttp://www.amazon.com/exec/obidos/ASIN/0805814167/chopaconline-20 |
| 942 |
_aNBS _cBK _k808.02 MEL |
||
| 999 |
_c346752 _d346752 |
||